000 00837nam a2200181 a 4500
001 000041951
005 20201002035841.0
008 131024s1972 sp a 000 0 spa d
040 _aDO-SdBNP
_bspa
_cBNPHU
082 _axxx
_bxxx
100 1 _aRamos, Demetrio
_946892
245 1 0 _aXimenez de Quesada en su relación con los cronistas :
_by el Epítome de la conquista del Nuevo Reino de Granada /
_cDemetrio Ramos Pérez.
260 _aSevilla :
_bEscuela de Estudios Hispano-Americanos,
_c1972.
300 _axxiii, 329 p. ;
_c25 cm.
490 1 _aPublicaciones de la escuela de Estudios Hispano-Americanos de la Universidad de Sevilla
_v202
500 _aIncluye referencias bibliográficas y notas al pie de las páginas
830 0 _aPublicaciones de la Escuela de Estudios Hispano-Americanos de la Universidad de Sevilla
_n202
_968870
999 _c41440
_d41440